تحميل...
Intrduction to sociology
| المؤلف الرئيسي: | |
|---|---|
| التنسيق: | Printed Book |
| اللغة: | Undetermined English |
| منشور في: |
Cambridge
Polity press
1992
|
| الموضوعات: |
| LEADER | 00539nam a2200181Ia 4500 | ||
|---|---|---|---|
| 008 | 140306s9999 xx 000 0 und d | ||
| 020 | |a 074560921X | ||
| 041 | |a eng | ||
| 082 | |a 301 |b BRO/IN | ||
| 100 | |a Browne, Ken | ||
| 245 | |a Intrduction to sociology | ||
| 260 | |a Cambridge |b Polity press |c 1992 | ||
| 300 | |a 448 | ||
| 365 | |b UKP.22.95 | ||
| 650 | |a Social stratification | ||
| 942 | |2 ddc |c BK | ||
| 999 | |c 181532 |d 181532 | ||
| 952 | |0 0 |1 0 |2 ddc |4 0 |6 301_000000000000000_BRO_IN |7 0 |9 187169 |a KAUCBV |b KAUCBV |g 22.95 |o 301 BRO/IN |r 2014-03-22 |w 2014-03-22 |y BK | ||